000 00487nam a2200145 a 4500
001 000038746
005 20201002031345.0
008 130419s1997 dr 000 0 spa d
020 _a9687277141
040 _aDO-SdBNP
_bspa
_cBNPHU
100 1 _aCuauhtémoc Sánchez, Carlos
_965033
245 1 3 _aLa fuerza de sheccid :
_buna impactante historia de amor con mensje de valores /
_cCarlos Cuauhtémoc Sánchez.
260 _aMéxico :
_bSelectas Diamante,
_c1997.
300 _a192 p. ;
_c24 cm.
999 _c38236
_d38236